000
00175 a2200097 4500
020
_a
8466304479
041
_a
spa
100
_a
Puzo,Mario
245
_a
El Padrino
942
_c
BK
999
_c
10024
_d
10024